000 01175nmc a2200421 a 4500
003 AR-BaBNM
005 20251128204749.0
008 185119s1979 ||||||||||||||000 | spa||
020 _a950-9086-16-9
040 _cAR-BaBNM
100 1 _aFerns, H.S.
245 1 0 _aGran Bretaña y Argentina en el siglo XIX
250 _a1ª ed.
260 _aBuenos Aires
_bSolar
_c1979
300 0 _a521 p.
_bcuadros
490 0 _aDimensión Argentina
500 0 _aContiene índice de nombres y materias en p. 493-521
500 0 _aNota a la edición castellana en p. 9
500 0 _aAbreviaturas en p. 13
500 0 _aTraducción de Alberto Luis Bixio
600 1 4 _aRosas, Juan Manuel de
_d1793-1877
650 4 _aREVOLUCION
650 4 _aDICTADURA
650 4 _aGUERRA CIVIL
650 4 _aPRESTAMOS
650 4 _aINVERSION
650 4 _aCAPITAL
650 4 _aCRISIS POLITICAS
650 4 _aSUSPENSION DE LAS RELACIONES DIPLOMATICAS
650 4 _aDESARROLLO ECONOMICO
650 4 _aCOMERCIO
651 4 _aReino Unido
651 4 _aFrancia
651 4 _aRío de la Plata
800 1 _aWeinberg, Gregorio
_edirector
942 _cBK
998 _cGLORIA
999 _c8727
_d8727